Logo BPK

Biblioteka

Politechniki Koszalińskiej

Historia starożytna ziem polskich / (Rekord nr 22249)

Szczegóły MARC
000 -ETYKIETA REKORDU
podpole kontrolne o stałej długości 00595nam a2200193 i 4500
001 - NUMER KONTROLNY REKORDU
pole kontrolne bg
040 ## - ŹRÓDŁO KATALOGOWANIA
Instytucja, która utworzyła rekord BPK
041 ## - KOD JĘZYKA
Kod języka tekstu pol
080 ## - UNIWERSALNA KLASYFIKACJA DZIESIĘTNA - UKD
UKD 903(438)(075.8)
008 - POLE O STAŁEJ DŁUGOŚCI - DANE KONTROLNE
podpole kontrolne o stałej długości s pl f |000 0 pol
100 1# - NAZWA OSOBOWA
Nazwa osobowa GODŁOWSKI, Kazimierz
245 #0 - TYTUŁ/ODPOWIEDZIALNOŚĆ
Tytuł Historia starożytna ziem polskich /
Pozostałe elementy strefy tytułu i oznaczenia odpowiedzialności Kazimierz Godłowski, Janusz K. Kozłowski.
250 ## - STREFA WYDANIA
Oznaczenie wydania Wyd. 5 uzup.
260 ## - STREFA ADRESU WYDAWNICZEGO
Miejsce wydania Warszawa :
Nazwa wydawcy/dystrybutora Państw. Wydawn. Nauk.,
Data publikacji, dystrybucji/powstania dokumentu 1983.
300 ## - STREFA OPISU FIZYCZNEGO
Objętość s. 191, nlb. 5 :
Inne cechy fizyczne ilustr., rys., tabl. nlb. 4 ;
Rozmiary mapy.
504 ## - UWAGA DOTYCZĄCA BIBLIOGRAFII
Informacje o bibliografii [Zawiera bibliogr. s. 190-192].
700 1# - HASŁO DODATKOWE - NAZWA OSOBOWA
Nazwa osobowa KOZŁOWSKI, Janusz K.
856 ## - LOKALIZACJA I DOSTĘP DO ELEKTRONICZNYCH DOKUMENTÓW ZDALNYCH
Link (URL) http://koha.tu.koszalin.pl/cgi-bin/koha/opac-detail.pl?biblionumber=22249
Tekst linku Katalog online BPK
942 ## - DODATKOWE ELEMENTY (KOHA)
Typ dokumentu Książka
Egzemplarze
Wycofany Status egzemplarza Uszkodzony Dostępność Lokalizacja stała Lokalizacja bieżąca Miejsce przechowywania Sygnatura Kod kreskowy Typ dokumentu
      Dostępny Biblioteka Politechniki Koszalińskiej Biblioteka Politechniki Koszalińskiej Wypożyczalnia BG 31238 01575941 Książka
© 2023 Biblioteka Politechniki Koszalińskiej :: KOHA